| 000 | 00457 a2200181 4500 | ||
|---|---|---|---|
| 005 | 20260128104137.0 | ||
| 008 | 260127b |||||||| |||| 00| 0 eng d | ||
| 020 |
_a9789388269339 _cRs. 500.00 |
||
| 040 | _aMAIN | ||
| 082 |
_a615.822 _bS26K |
||
| 100 | _aShaw, Dhananjoy | ||
| 110 | _a | ||
| 245 | _aKinesio taping in games and sports | ||
| 260 |
_bSports Publication _c2025 _aNew Delhi |
||
| 300 | _a78 | ||
| 650 | _aPharmacology | ||
| 942 | _cBK | ||
| 999 |
_c394133 _d394133 |
||